Derecho económico internacional : encuentro académico entre la Universidad Católica de Lovaina y la Universidad de Buenos Aires /
Guardado en:
| Autor Principal: | |
|---|---|
| Otros Autores: | |
| Formato: | Desconocido |
| Idioma: | Spanish |
| Publicado: |
Buenos Aires :
La Ley; Departamento de publicaciones UBA,
2006.
|
| Edición: | 1a. ed. |
| Series: | Colección CEIDIE - Centro de Estudios Interdisciplinarios de Derecho Industrial y Económico
|
| Materias: | |
| Etiquetas: |
Agregar Etiqueta
Sin Etiquetas, Sea el primero en etiquetar este registro!
|
| LEADER | 01018nac a22002415a 4500 | ||
|---|---|---|---|
| 001 | DER.der002356 | ||
| 008 | 180615i2006####ag#||||||||||||||#||spa|| | ||
| 005 | 20240208122748.0 | ||
| 245 | 1 | 0 | |a Derecho económico internacional : |b encuentro académico entre la Universidad Católica de Lovaina y la Universidad de Buenos Aires / |c María Cecilia Gómez Masia y Susana Czar de Zalduendo. |
| 250 | |a 1a. ed. | ||
| 260 | |a Buenos Aires : |b La Ley; Departamento de publicaciones UBA, |c 2006. | ||
| 300 | |a 432 p. | ||
| 020 | |a 9870309283 | ||
| 100 | 1 | |a Gómez Masia, María Cecilia | |
| 700 | 1 | |a Czar de Zalduendo, Susana, |e coord. | |
| 830 | 0 | |a Colección CEIDIE - Centro de Estudios Interdisciplinarios de Derecho Industrial y Económico | |
| 650 | 7 | |a PROPIEDAD INTELECTUAL | |
| 650 | 7 | |a DERECHO DE LA COMPETENCIA | |
| 650 | 7 | |a DERECHO FINANCIERO | |
| 650 | 7 | |a DERECHO SOCIETARIO | |
| 650 | 7 | |a DERECHO PENAL DE LOS NEGOCIOS | |
| 859 | |a DERECHO |b BIB. DERECHO |h 340.9 |i GOM |p 004518 | ||
| 859 | |a DERECHO |b BIB. DERECHO |h 340.9 |i GOM |p 005180 |t 1 | ||
